Quizzes
Events
Quiz Creation
Community
Videos
Private Events
Remove Ads
Sign In
Join for FREE
Feedback
Dark Mode
Quiz Categories
Sports
Geography
Music
Movies
Television
Just For Fun
Miscellaneous
History
Literature
Language
Science
Gaming
Entertainment
Religion
Holiday
For Kids
Quiz Lab
Recent
Popular Today
Quiz Kudos Today
Editor Picks
Curator Picks
Quizzes by...
Day
Popularity
Type
Ratings
Length
Year
Community
Subscriptions
Recent Discussions
Orange Saloon
Badges
Playlists
Quests
Create
Leaderboards
Showdown
Live 5
Trivia Bingo
Activity
Puzzle Library
Sporcle Events
Private Events
Virtual Trivia
Globe League
Become a Host
Pub Owners
SporcleCon
Opinionation
Our Games
Videos
Blog
Mobile Apps
Partnerships
Remove Ads and Go Orange
Feedback
Geography
Country
Landmarks
City
State
Population
World
Capital
Continent
Flags
Europe
Africa
Asia
South America
North America
Oceania
Border
Canada
United Kingdom
Topography
United States
Geography
Country
Landmarks
City
State
Population
World
Capital
Continent
Flags
Europe
Africa
Asia
South America
North America
Oceania
Border
Canada
United Kingdom
Topography
United States
Random Quiz
Search Sporcle
×
Quiz Lab
Quiz Lab
Geography
neighborhood
Type in answers that appear in a list
Type in answers that appear in a list
Classic
Best Score? Go Orange.
Neighborhoods of Jerusalem Stats
Can you name the Neighborhoods of Jerusalem?
By
ARodman
10m
78 Questions
88 Plays
88 Plays
88 Plays
Comments
Comments
Give Quiz Kudos
Give Quiz Kudos
-
- Ratings
hide this ad
More Info
Random Order
Randomize order of answers
Randomize order of answers
Replay
Link that replays current quiz
Next Quiz
Link to next quiz in quiz playlist
You Got
0%
They Got
Avg Score
25%
Avg Friend Score
Upgrade to see
Score Distribution
Jump to the score distribution portion of the page
Score
0/78
Timer
10:00
0
Plays Today
% Correct
Jewish Quarter
68.2%
Armenian Quarter
65.9%
Muslim Quarter
62.5%
Talpiot
61.4%
Christian Quarter
61.4%
Rehavia
59.1%
Katamon
58%
Me'a She'arim
55.7%
German Colony
54.5%
Geula
51.1%
Baka
45.5%
Pisgat Ze'ev
45.5%
Ramot
43.7%
Gilo
42%
French Hill
42%
Nachlaot
38.6%
Arnona
36.4%
Mount Scopus
36.4%
Abu Tor
35.2%
Mamilla
33%
East Talpiot
30.7%
Givat Shaul
30.7%
Har Nof
30.7%
Sanhedria
30.7%
Katamonim
29.5%
Ein Karem
28.4%
Shuafat
28.4%
Beit Hakerem
27.3%
Yemin Moshe
27.3%
Malha
26.1%
Kiryat Moshe
26.1%
Romema
26.1%
Kiryat HaYovel
25%
Ramat Eshkol
23.9%
Silwan
23.9%
Talbiya
22.7%
Bayit VaGan
22.7%
Greek Colony
22.7%
Givat Mordechai
21.6%
% Correct
Givat Ram
21.6%
Neve Ya'akov
20.5%
Har Homa
19.3%
Pat
18.2%
Beit Hanina
17%
Ramat Shlomo
17%
Sheikh Jarrah
17%
Ramat Sharett
17%
Machane Yehuda
17%
at-Tur
17%
Kiryat Menachem
15.9%
Beit Safafa
15.9%
Nayot
15.9%
Wadi al-Joz
15.9%
Nachalat Shiva
15.9%
Musrara
14.8%
Rasko
13.6%
Yefe Nof
13.6%
Ramat Denya
13.6%
Givat HaMatos
12.6%
Sha'arei Hesed
12.6%
Ramat Beit Hakerem
12.5%
Har Hotzvim
12.5%
Issawiya
12.5%
Givat HaMivtar
12.5%
Jabel Mukaber
11.4%
Ma'alot Dafna
11.4%
Shmuel Hanavi
11.4%
Ir Ganim
10.2%
Mekor Baruch
10.2%
Atarot
9.1%
Russian Compound
8%
Beit Israel
8%
Givat Oranim
8%
Sur Baher
6.8%
Givat Massuah
6.8%
Ras al-Amud
4.5%
Bab a-Zahara
4.5%
Kafr Aqab
4.5%
Quiz Playlist
Details
Report
Send in Message
Add To Playlist
More Info:
Includes neighborhoods in both East and West Jerusalem.
Classic:
Type in answers that appear in a list
Random Order:
Randomize order of answers
Quiz Source
Last Updated: Feb 16, 2017
Quiz Scoreboard
CHALLENGE
Sign Up to Join the Scoreboard
Show All
Scores
Hide
Comments
May contain spoilers
Recently Published
9x9 Crossword: Cartoon Network
by jackfrog10
Miscellaneous
3m
College Basketball Coaching Resumes
by pancakes188
Sports
9m
Billboard Blitz: Fleetwood Mac
by CooCooCachoo
Music
15s
More to Explore
Quiz From the Vault
Featured Blog Post
Where Did the Easter Bunny Come From?
hide this ad
You Might Also Like...
Tags
Jerusalem
neighborhood
Today's Top Quizzes in Geography
Browse Geography
hide this ad
Today's Top Quizzes in neighborhood
Browse neighborhood
Top Contributed Quizzes in Geography
1
Countries of the World - No Outlines Minefield
2
Top 25 Cities of France on a map
3
Any capital of a 'B' country per Continent
4
Any capital of a 'C' country per Continent
5
Closest Countries to UK A-Z
6
Any capital of a 'D' country per Continent
7
5-to-1: US Geography No Hints
8
Any capital of an 'E' country per Continent
9
Find the US States - No Outlines
10
Any capital of an 'F' country per Continent
Explore More
Trending Topics
Anime
Kpop
Crossword
Marvel
Disney
NBA
Harry Potter
Puzzle
Pokémon
WWE
Soccer
NFL
The Office
Country
Song
hide this ad
More By:
ARodman
Quiz
Plays
Rating
Category
Featured
Created
Mountains by Topographical Maps
4,360
3.70
Geography
Jan 20, 2015
Largest Cities in Israel (Map Quiz)
1,588
4.75
Geography
Mar 31, 2014
Countries in World War Z
340
5.00
Movies
Jul 30, 2013
Rabbis in the Passover Haggadah
327
3.80
Religion
Jul 29, 2013
Largest Cities in Tanzania
252
4.50
Geography
Jul 29, 2013
Go to Creator's Profile
Score Distribution
Quiz Creator Spotlight
ARodman
Follow
Send a Message
Quizzes Created
-
Created Quiz Play Count
-
More By This Creator
Popular Quizzes Today
1
Find the US States - No Outlines Minefield
2
Find the Countries of Europe - No Outlines Minefield
3
The Countries of the World
4
Find the US States
5
Risky Map Clicking: Biggest States A-Z
6
US States
7
Popular People in 1961
8
Movies - When Are They Set?
More Geography Quizzes
4 to 1 Blitz: Pakistan
Quiz Lab
Trending Quizzes
Risky Map Clicking: Least Populous States A-Z
1-10 Letter G Words
Risky Map Clicking: Next State Alphabetically
Adjectives in 80s TV Shows
The Seven Year Switch: Catherine
Recently Updated
Leaping Animals
pecheneg
Reality TV Shows (A-Z)
bhenderson79
Rickey Henderson's Hall of Fame Teammates
pecheneg
Champions League XIs: Arsenal
pecheneg
Quick Pick: Celebrities in WWE's Hall of Fame
aduchscher
A-Z Keypad Blitz II
pecheneg
Multiple Oscar Actors
pecheneg
Mystery Phrase Blitz: Oscar 'Best Actors'
pecheneg
F. Scott Fitzgerald Novels
LTH
Pick 3 Villains
ddd62291
Trending Topics
NBA
Anime
Marvel
Harry Potter
Crossword
Disney
Kpop
Song
The Office
WWE
Pokémon
Puzzle
NFL
Soccer
Country
Your Account Isn't Verified!
In order to create a playlist on Sporcle, you need to verify the email address you used during registration. Go to your
Sporcle Settings
to finish the process.
Report this User
Report this user for behavior that violates our
Community Guidelines
.
Details:
Send Report
Go to the Sporcle.com Mobile Site →
Comments